| 000 | 01202nam a2200229Ia 4500 | ||
|---|---|---|---|
| 003 | Ost | ||
| 005 | 20260507075425.0 | ||
| 008 | 260507s9999||||xx |||||||||||||| ||und|| | ||
| 020 | _a13297099579 | ||
| 040 | _cfsecg | ||
| 041 | _aara | ||
| 082 | _a330 | ||
| 100 |
_aالسكارنة، بلال خلف _eمؤلف |
||
| 245 | 0 |
_aمهارات الإتصال / _c بلال خلف السكارنة |
|
| 260 |
_aعمان: _bدار المسيرة, _c2015 |
||
| 300 |
_a424 صفحة؛ _bإيضاحات ؛ _c25 سم |
||
| 520 | _aيضم مفهوم مهارات الإتصال و مهارات التعامل مع الآخرين، بناء العلاقات في البيئة الجامعية، فن التأثير بالآخرين إيجابا، شخصية الرؤساء و فن التعامل معهم، مهارات المقابلة، بناء الثقة في النفس، مهارات الإصغاء و التحدث، مهارات إدارة الوقت، الوعي الذاتي، مهارات الأنترنت، مهارات الإستذكار. | ||
| 653 | _aالإتصال | ||
| 653 | _aالعلاقات العامة | ||
| 653 | _aوسائل الإتصال الجماهيري | ||
| 942 | _cكتاب | ||
| 999 |
_c44480 _d44480 |
||